000 005080000a22001690004500
003 MACL
005 20160202162820.0
008 160202b xxu||||| |||| 00| 0 eng d
040 _aMACL
_cMACL
041 _aHindi
082 _a332.121
100 _aअरिहन्‍त
_991
245 _aलिपिकीय संवर्ग भर्ती परीक्षा
260 _bअरिहन्‍त पब्लिकेशन
_aमेरठ
350 _a145
942 _cHIN
_k332.121
_2ddc
999 _c44671
_d44671